[Event "CAN-ch O1800"]
[Site "Toronto CAN"]
[Date "2025.04.21"]
[Round "7.13"]
[White "Lukinykh, Slava"]
[Black "Fu, Odyssey"]
[Result "1-0"]
[WhiteElo "1987"]
[BlackElo "1727"]
[WhiteFideId "-1"]
[WhiteFideId "-1"]
[PlyCount "69"]
[GameId "2182243971093621"]
[EventDate "2025.04.18"]
[EventType "swiss"]
[EventRounds "9"]
[EventCountry "CAN"]

1. e4 c5 2. Nf3 Nc6 3. d4 cxd4 4. Nxd4 Nf6 5. Nc3 e5 6. Ndb5 d6 7. Bg5 a6 8. Na3 b5 9. Bxf6 gxf6 10. Nd5 f5 11. Bd3 Be6 12. O-O Rc8 13. c4 b4 14. Nc2 fxe4 15. Bxe4 Bg7 16. Qh5 Ne7 17. Nce3 Ng6 18. g3 O-O 19. b3 Rb8 20. Rad1 Qd7 21. Nf5 Bxf5 22. Bxf5 Qe8 23. Rfe1 h6 24. Ne3 Rd8 25. Be4 Ne7 26. Nf5 f6 27. Qxe8 Rfxe8 28. Nxd6 Rf8 29. Nf5 Nxf5 30. Bxf5 Kf7 31. c5 Ke7 32. c6 h5 33. c7 Rc8 34. Rd7+ Ke8 35. Rxg7 1-0

[Event "CAN-ch O1800"]
[Site "Toronto CAN"]
[Date "2025.04.21"]
[Round "7.14"]
[White "Wu, Ting En Ryan"]
[Black "Fillmore, Louis"]
[Result "1-0"]
[WhiteElo "1968"]
[BlackElo "1997"]
[WhiteFideId "-1"]
[WhiteFideId "-1"]
[PlyCount "61"]
[GameId "2182245216429181"]
[EventDate "2025.04.18"]
[EventType "swiss"]
[EventRounds "9"]
[EventCountry "CAN"]

1. e4 e5 2. Nf3 Nc6 3. Bc4 Bc5 4. c3 Nf6 5. d3 d6 6. O-O a6 7. Bb3 Ba7 8. Nbd2 O-O 9. h3 h6 10. Re1 Be6 11. Bc2 Ne7 12. Nf1 Ng6 13. d4 Qe7 14. Be3 Rad8 15. Ng3 Bb8 16. Qd2 Rfe8 17. d5 Bd7 18. c4 Rc8 19. Qb4 b6 20. Ba4 Red8 21. Nf5 Bxf5 22. exf5 Nf8 23. Bc6 Ba7 24. a4 Rb8 25. Qd2 N8d7 26. b4 Kh7 27. Qc2 Rg8 28. g4 Rbf8 29. a5 Rb8 30. Bxd7 Nxd7 31. f6+ 1-0

[Event "CAN-ch O1800"]
[Site "Toronto CAN"]
[Date "2025.04.21"]
[Round "7.15"]
[White "Pollitt, Henry"]
[Black "Lee, Matthew"]
[Result "1-0"]
[WhiteElo "1985"]
[BlackElo "1862"]
[WhiteFideId "-1"]
[WhiteFideId "-1"]
[PlyCount "161"]
[GameId "2182246846137477"]
[EventDate "2025.04.18"]
[EventType "swiss"]
[EventRounds "9"]
[EventCountry "CAN"]

1. e4 d5 2. exd5 Qxd5 3. Nc3 Qd6 4. d4 Nf6 5. Bc4 c6 6. Nge2 Bf5 7. O-O e6 8. Bf4 Qb4 9. Bb3 Be7 10. a3 Qa5 11. Ng3 Bg6 12. Re1 O-O 13. Qd2 Qd8 14. Rad1 Nd5 15. Nxd5 cxd5 16. c4 Nc6 17. cxd5 exd5 18. Ba4 Bd6 19. Bxc6 bxc6 20. Rc1 Bxf4 21. Qxf4 Qb6 22. Qd2 a5 23. f4 f6 24. f5 Bf7 25. Rc3 Rfe8 26. Rec1 Rac8 27. Rc5 Rb8 28. R1c2 a4 29. Rxc6 Qb3 30. R6c3 Qb7 31. h3 Rbc8 32. Rxc8 Rxc8 33. Rxc8+ Qxc8 34. Qb4 Qe8 35. Kh2 h5 36. b3 h4 37. Nf1 axb3 38. Qxb3 Qe4 39. Qe3 Qxf5 40. Nd2 Qd7 41. Qb3 Be8 42. Nf3 Qc7+ 43. Kg1 Qc1+ 44. Kf2 Qc4 45. Qe3 Kf7 46. Nxh4 Bb5 47. Kg1 Qf1+ 48. Kh2 g5 49. Nf3 Qb1 50. Qc3 Qf5 51. Qc7+ Bd7 52. a4 g4 53. hxg4 Qxg4 54. a5 Qh5+ 55. Kg1 Qf5 56. Qb7 Qe6 57. Kf2 Kg6 58. a6 Qc6 59. Qb1+ Kg7 60. a7 Qa8 61. Qb6 Bc6 62. Qc7+ Kh6 63. Qe7 Kg6 64. Nh4+ Kg5 65. g3 Qb7 66. Qe3+ Kh5 67. Qf3+ Kh6 68. Qxf6+ Kh7 69. Qg6+ Kh8 70. Qh6+ Kg8 71. Qe6+ Kh7 72. Qf5+ Kg7 73. Qe5+ Kh7 74. Qb8 Qf7+ 75. Nf3 Qf5 76. Qc7+ Bd7 77. Qxd7+ Qxd7 78. a8=Q Qf5 79. Qb7+ Kh6 80. Qc7 Kh5 81. Qe5 1-0

[Event "CAN-ch O1800"]
[Site "Toronto CAN"]
[Date "2025.04.21"]
[Round "7.16"]
[White "Ajith, Aarush"]
[Black "Lau, Jayden"]
[Result "1/2-1/2"]
[WhiteElo "1970"]
[BlackElo "1790"]
[WhiteFideId "-1"]
[WhiteFideId "-1"]
[PlyCount "56"]
[GameId "2182269352719504"]
[EventDate "2025.04.18"]
[EventType "swiss"]
[EventRounds "9"]
[EventCountry "CAN"]

1. d4 e6 2. c4 Nf6 3. g3 Be7 4. Bg2 d5 5. Nf3 O-O 6. O-O dxc4 7. Qc2 a6 8. Qxc4 b5 9. Qc2 Bb7 10. Bd2 Nbd7 11. Ba5 Nb6 12. Bxb6 cxb6 13. Nbd2 Rc8 14. Qd3 Qd6 15. Rac1 Rfd8 16. e4 Qb4 17. e5 Nd7 18. Rxc8 Bxc8 19. Qb1 f6 20. a3 Qa4 21. Ne4 fxe5 22. dxe5 Bb7 23. Neg5 Nf8 24. Bh3 Bd5 25. Rd1 Ba2 26. Rxd8 Bxb1 27. Bxe6+ Kh8 28. Nf7+ Kg8 1/2-1/2

[Event "CAN-ch O1800"]
[Site "Toronto CAN"]
[Date "2025.04.21"]
[Round "7.17"]
[White "Schyngera, Eli"]
[Black "Huang, Eric"]
[Result "0-1"]
[WhiteElo "1856"]
[BlackElo "1893"]
[WhiteFideId "-1"]
[WhiteFideId "-1"]
[PlyCount "66"]
[GameId "2182271214285976"]
[EventDate "2025.04.18"]
[EventType "swiss"]
[EventRounds "9"]
[EventCountry "CAN"]

1. e4 e6 2. d4 d5 3. Nd2 Nf6 4. e5 Nfd7 5. Bd3 c5 6. c3 Nc6 7. Ne2 Qb6 8. Nf3 cxd4 9. cxd4 f6 10. exf6 Nxf6 11. O-O Bd6 12. Bf4 Qc7 13. Bxd6 Qxd6 14. Ng3 O-O 15. a3 Bd7 16. b4 a6 17. Rc1 Rac8 18. Qb3 Kh8 19. Rcd1 Qf4 20. Ne2 Qh6 21. b5 axb5 22. Bxb5 Ne4 23. Bxc6 Bxc6 24. Ne5 Nd2 25. Qb6 Nxf1 26. Rxf1 Ra8 27. Nxc6 bxc6 28. Qxc6 Rxa3 29. Qd6 Raa8 30. Nc3 Qf6 31. Nb5 Qxf2+ 32. Rxf2 Ra1+ 33. Rf1 Raxf1# 0-1

[Event "CAN-ch O1800"]
[Site "Toronto CAN"]
[Date "2025.04.21"]
[Round "7.18"]
[White "Cholakis, Max"]
[Black "Byl, Oliver"]
[Result "1-0"]
[WhiteElo "1829"]
[BlackElo "1881"]
[WhiteFideId "-1"]
[WhiteFideId "-1"]
[PlyCount "181"]
[GameId "2182453868663968"]
[EventDate "2025.04.18"]
[EventType "swiss"]
[EventRounds "9"]
[EventCountry "CAN"]

1. e4 d6 2. d4 Nf6 3. Bd3 e5 4. dxe5 dxe5 5. Nc3 Bb4 6. Nge2 O-O 7. f3 Be6 8. Be3 Nbd7 9. O-O c6 10. Qe1 Bc5 11. Ng3 Bxe3+ 12. Qxe3 Qb6 13. Qxb6 axb6 14. a3 Nc5 15. Nce2 Rfd8 16. Rad1 Nxd3 17. Rxd3 Rxd3 18. cxd3 Rd8 19. Rd1 g6 20. Kf2 c5 21. Ke3 Kf8 22. f4 exf4+ 23. Kxf4 Ke7 24. Nc3 h5 25. Nge2 b5 26. d4 cxd4 27. Rxd4 Rc8 28. Rb4 Bd7 29. Nd4 Rc4 30. Ndxb5 Rxb4 31. axb4 Be6 32. Nc7 Bc4 33. h3 Bf1 34. N7d5+ Ke6 35. Nxf6 Kxf6 36. Nd5+ Ke6 37. Ne3 Bb5 38. h4 Ba4 39. Nc4 Bb5 40. Ne5 Be2 41. g3 Bb5 42. Nf3 Bc4 43. b3 Bf1 44. Ng5+ Ke7 45. e5 Bg2 46. Ne4 Bh1 47. Ke3 Kd7 48. Nc5+ Kc6 49. Kd4 Kb5 50. Kc3 Bd5 51. Kd4 Bh1 52. Nd3 Bg2 53. Nf4 Bc6 54. Kc3 Be4 55. e6 fxe6 56. Nxe6 Bg2 57. Nd4+ Kb6 58. Kc4 Be4 59. Ne2 Kc6 60. Nc3 Bg2 61. Kd4 Kd6 62. b5 Bh1 63. b4 Bg2 64. b6 Bf3 65. Ke3 Bg4 66. Kd4 Bf3 67. b5 Bg2 68. Ne4+ Ke6 69. Nf2 Kd6 70. Nd3 Bh3 71. Ne5 Bf5 72. Nf7+ Ke7 73. Ne5 Kd6 74. Nc4+ Ke7 75. Na5 Bc8 76. Ke5 Kd7 77. Nc4 Ke7 78. Nd6 Bd7 79. Nxb7 Bxb5 80. Nd6 Bc6 81. b7 Bxb7 82. Nxb7 Kf7 83. Nd6+ Kg7 84. Ne4 Kf7 85. Kd6 Kg7 86. Ke7 Kh7 87. Kf6 Kh6 88. Nd6 Kh7 89. Nf7 Kg8 90. Kxg6 Kf8 91. Nh6 1-0

[Event "CAN-ch O1800"]
[Site "Toronto CAN"]
[Date "2025.04.21"]
[Round "7.19"]
[White "Sethi, Aaron"]
[Black "Gao, Yiguo"]
[Result "1-0"]
[WhiteElo "1874"]
[BlackElo "1708"]
[WhiteFideId "-1"]
[WhiteFideId "-1"]
[PlyCount "61"]
[GameId "2182457328792862"]
[EventDate "2025.04.18"]
[EventType "swiss"]
[EventRounds "9"]
[EventCountry "CAN"]

1. e4 d5 2. exd5 Nf6 3. Nf3 Nxd5 4. d4 Bg4 5. c4 Nb4 6. Qa4+ N8c6 7. d5 b5 8. Qb3 Bxf3 9. dxc6 Bh5 10. f3 e6 11. a3 bxc4 12. Bxc4 Nd5 13. Bxd5 Qxd5 14. Qxd5 exd5 15. Nc3 O-O-O 16. Bf4 a6 17. O-O-O d4 18. Ne4 f6 19. Rd3 Bg6 20. Rhd1 Rd5 21. b4 a5 22. Kb2 axb4 23. axb4 Bxb4 24. Ra1 Ra5 25. Rxa5 Bxa5 26. Ra3 Bxe4 27. fxe4 Bc3+ 28. Kc2 Kb8 29. Rb3+ Ka8 30. Bxc7 Rc8 31. Ra3+ 1-0

[Event "CAN-ch O1800"]
[Site "Toronto CAN"]
[Date "2025.04.21"]
[Round "7.20"]
[White "Pan, Julian"]
[Black "Mane, Arnav"]
[Result "1/2-1/2"]
[WhiteElo "1870"]
[BlackElo "1722"]
[WhiteFideId "-1"]
[WhiteFideId "-1"]
[PlyCount "35"]
[GameId "2182459368826150"]
[EventDate "2025.04.18"]
[EventType "swiss"]
[EventRounds "9"]
[EventCountry "CAN"]

1. e4 g6 2. d4 Bg7 3. c4 d6 4. Nc3 Nf6 5. Nf3 O-O 6. h3 c6 7. Bf4 Nbd7 8. Bd3 c5 9. d5 Qb6 10. Qc2 e5 11. Be3 a6 12. O-O-O Qc7 13. Nd2 Re8 14. g4 Nf8 15. Be2 Bd7 16. Ndb1 Reb8 17. Na3 Ne8 18. Kd2 1/2-1/2

[Event "CAN-ch O1800"]
[Site "Toronto CAN"]
[Date "2025.04.21"]
[Round "7.21"]
[White "Qian, Eric"]
[Black "Katz, Lyam"]
[Result "1-0"]
[WhiteElo "2095"]
[BlackElo "1850"]
[WhiteFideId "-1"]
[WhiteFideId "-1"]
[PlyCount "119"]
[GameId "2182460219618606"]
[EventDate "2025.04.18"]
[EventType "swiss"]
[EventRounds "9"]
[EventCountry "CAN"]

1. Nf3 Nf6 2. c4 c5 3. g3 d5 4. cxd5 Nxd5 5. Bg2 Nc6 6. d4 cxd4 7. Nxd4 Ndb4 8. Nxc6 Qxd1+ 9. Kxd1 Nxc6 10. Bxc6+ bxc6 11. Be3 e5 12. Nc3 Bb4 13. Kd2 Be6 14. Rhc1 O-O-O+ 15. Ke1 Kb7 16. a3 Ba5 17. f3 Bb3 18. Kf2 Bb6 19. Ne4 Bd5 20. Nc5+ Kc7 21. b4 Bxc5 22. Rxc5 a6 23. Rac1 f6 24. R1c3 Kb7 25. a4 Rc8 26. Bc1 Rhd8 27. e4 Bg8 28. Ke2 Be6 29. Be3 Bg8 30. Rc1 Be6 31. R5c3 Bg8 32. Rc5 Be6 33. R1c3 Bg8 34. Ke1 Be6 35. f4 exf4 36. gxf4 Bg8 37. Ke2 Bf7 38. Kf3 Re8 39. h4 Bh5+ 40. Rxh5 h6 41. Rhc5 Red8 42. b5 cxb5 43. axb5 Rxc5 44. bxa6+ Kxa6 45. Rxc5 Rd7 46. Rc6+ Kb5 47. Rb6+ Ka5 48. Rb1 Ka4 49. e5 fxe5 50. fxe5 Rc7 51. Ke4 Rc4+ 52. Bd4 g5 53. hxg5 hxg5 54. Kd5 Rc8 55. e6 g4 56. e7 g3 57. Bc5 g2 58. Kc4 g1=Q 59. Rxg1 Re8 60. Ra1# 1-0

[Event "CAN-ch O1800"]
[Site "Toronto CAN"]
[Date "2025.04.21"]
[Round "7.22"]
[White "Dembla, Shabd"]
[Black "Valavan, Aaryan"]
[Result "0-1"]
[WhiteElo "1909"]
[BlackElo "1767"]
[WhiteFideId "-1"]
[WhiteFideId "-1"]
[PlyCount "74"]
[GameId "2182496730346809"]
[EventDate "2025.04.18"]
[EventType "swiss"]
[EventRounds "9"]
[EventCountry "CAN"]

1. d4 g6 2. Nf3 Bg7 3. Bf4 d6 4. c3 Nd7 5. e4 Ngf6 6. Nbd2 O-O 7. Be2 Re8 8. h3 e5 9. dxe5 dxe5 10. Be3 Nb6 11. O-O Bd7 12. Qc2 Bc6 13. Rad1 Qe7 14. b4 h6 15. Bc5 Ba4 16. Nb3 Qe6 17. Nfd2 Nfd7 18. Be3 f5 19. Bxb6 Nxb6 20. Qb1 Qf6 21. c4 Rad8 22. c5 Nd7 23. Bc4+ Kh8 24. Qb2 Nf8 25. Qa3 Bc6 26. exf5 Qg5 27. f3 a6 28. Bf7 gxf5 29. Bxe8 Rxe8 30. Na5 Bb5 31. Rfe1 Ng6 32. Kh2 e4 33. g3 f4 34. g4 e3 35. Ne4 Qh4 36. Rg1 Rxe4 37. fxe4 f3 0-1

[Event "CAN-ch O1800"]
[Site "Toronto CAN"]
[Date "2025.04.21"]
[Round "7.23"]
[White "Sekaran, Adithya"]
[Black "Desai, Kahan"]
[Result "1-0"]
[WhiteElo "1720"]
[BlackElo "1869"]
[WhiteFideId "-1"]
[WhiteFideId "-1"]
[PlyCount "65"]
[GameId "2182501008475457"]
[EventDate "2025.04.18"]
[EventType "swiss"]
[EventRounds "9"]
[EventCountry "CAN"]

1. d4 Nf6 2. c4 e6 3. g3 d5 4. Nf3 Be7 5. Bg2 O-O 6. cxd5 exd5 7. O-O b6 8. Nc3 Nbd7 9. Bf4 c6 10. Rc1 Bb7 11. Qc2 Re8 12. Rfe1 Ne4 13. Nxe4 dxe4 14. Ne5 Nxe5 15. dxe5 g5 16. Be3 c5 17. Red1 Qc7 18. Bxe4 Bxe4 19. Qxe4 Bf6 20. Rd5 Bxe5 21. Qf5 Qe7 22. Bxg5 Qe6 23. Qxe6 Rxe6 24. b3 Rae8 25. Rcd1 f6 26. Bh6 Kf7 27. Rd7+ Kg6 28. Bc1 R8e7 29. h4 a6 30. g4 h5 31. f4 Rxd7 32. Rxd7 Rd6 33. f5# 1-0

[Event "CAN-ch O1800"]
[Site "Toronto CAN"]
[Date "2025.04.21"]
[Round "7.24"]
[White "Wen, Justin"]
[Black "Li, Justin"]
[Result "0-1"]
[WhiteElo "1856"]
[BlackElo "1793"]
[WhiteFideId "-1"]
[WhiteFideId "-1"]
[PlyCount "152"]
[GameId "2182502484653385"]
[EventDate "2025.04.18"]
[EventType "swiss"]
[EventRounds "9"]
[EventCountry "CAN"]

1. d4 d5 2. Nc3 Nf6 3. Bf4 c6 4. e3 Bf5 5. f3 e6 6. g4 Bg6 7. h4 h5 8. g5 Nfd7 9. Bd3 Bxd3 10. Qxd3 g6 11. O-O-O Bg7 12. e4 a6 13. exd5 cxd5 14. Bd6 Bf8 15. Bxf8 Kxf8 16. Re1 Nc6 17. Nh3 Kg7 18. Nf4 Re8 19. Re2 Nf8 20. Rhe1 Qd7 21. Re3 b5 22. Nce2 Na5 23. b3 b4 24. Nxh5+ gxh5 25. Nf4 Rec8 26. Nxh5+ Kh8 27. Nf6 Qc7 28. Qe2 Qf4 29. Kb1 Nc6 30. Nh5 Qxd4 31. f4 Ng6 32. Rd1 Qc5 33. Rxe6 Nd4 34. Rxd4 Qxd4 35. Ng3 fxe6 36. Qh5+ Kg8 37. Qxg6+ Kf8 38. Qh6+ Ke7 39. Qh7+ Kd6 40. Nh5 Rh8 41. Qb7 Qa7 42. Qxb4+ Qc5 43. Qb7 Rac8 44. c4 Rxh5 45. Qxa6+ Qc6 46. Qa3+ Kd7 47. Qa7+ Rc7 48. Qd4 Rxh4 49. g6 Qc5 50. Qf6 Qe7 51. Qd4 Kc8 52. cxd5 Qg7 53. Qe4 exd5 54. Qe8+ Kb7 55. Qb5+ Ka7 56. Qa5+ Kb8 57. Qb6+ Kc8 58. Qe6+ Qd7 59. Qa6+ Rb7 60. Qa8+ Kc7 61. Qa5+ Kb8 62. g7 Rg4 63. f5 Rxg7 64. Kb2 Rf7 65. Qd2 Rxf5 66. Qh2+ Qc7 67. Qh8+ Ka7 68. Qd4+ Rb6 69. a4 Qe5 70. Qxe5 Rxe5 71. Ka2 Rb4 72. a5 Ka6 73. Kb2 Kxa5 74. Ka3 d4 75. Kb2 Reb5 76. Ka2 Rxb3 0-1

[Event "CAN-ch O1800"]
[Site "Toronto CAN"]
[Date "2025.04.21"]
[Round "7.25"]
[White "Cheung, Oscar"]
[Black "Ajanthan, Amuthab"]
[Result "1/2-1/2"]
[WhiteElo "1792"]
[BlackElo "1744"]
[WhiteFideId "-1"]
[WhiteFideId "-1"]
[PlyCount "57"]
[GameId "2182526302119255"]
[EventDate "2025.04.18"]
[EventType "swiss"]
[EventRounds "9"]
[EventCountry "CAN"]

1. e4 c5 2. Nf3 Nc6 3. Bb5 Nf6 4. d3 g6 5. Nc3 Bg7 6. O-O O-O 7. Be3 b6 8. Bxc6 dxc6 9. h3 e5 10. Qd2 Qd6 11. Nh2 Nh5 12. Ne2 Rd8 13. Rad1 Be6 14. b3 Rd7 15. Bh6 Rad8 16. Bxg7 Kxg7 17. Qc3 Kg8 18. Nf3 f6 19. Nh2 b5 20. f4 exf4 21. Ng4 Bxg4 22. hxg4 Ng3 23. Nxg3 fxg3 24. Qxf6 Qxf6 25. Rxf6 c4 26. Rf3 Rd4 27. e5 Re4 28. Rxg3 Rxe5 29. Kf2 1/2-1/2

[Event "CAN-ch O1800"]
[Site "Toronto CAN"]
[Date "2025.04.21"]
[Round "7.26"]
[White "Satish Alwar, Dharsan"]
[Black "Syed, Farhaan"]
[Result "1/2-1/2"]
[WhiteElo "1724"]
[BlackElo "1789"]
[WhiteFideId "-1"]
[WhiteFideId "-1"]
[PlyCount "120"]
[GameId "2182530436748639"]
[EventDate "2025.04.18"]
[EventType "swiss"]
[EventRounds "9"]
[EventCountry "CAN"]

1. d4 d5 2. Nf3 Nf6 3. e3 c5 4. c4 Nc6 5. Nc3 cxd4 6. exd4 Bg4 7. cxd5 Nxd5 8. Bb5 a6 9. Bxc6+ bxc6 10. h3 Bf5 11. Qa4 Bd7 12. Ne5 Nb6 13. Qd1 e6 14. Qf3 Qf6 15. Qxf6 gxf6 16. Nxd7 Kxd7 17. Ne4 Nd5 18. a3 h6 19. Bd2 Rb8 20. b4 Rb6 21. O-O f5 22. Nc5+ Bxc5 23. dxc5 Rbb8 24. Rfd1 Ke7 25. Rac1 Rbd8 26. f4 Rd7 27. Bc3 f6 28. g3 Rhd8 29. Kf2 Nxc3 30. Rxd7+ Rxd7 31. Rxc3 e5 32. Re3 Ke6 33. g4 fxg4 34. hxg4 Rd4 35. fxe5 fxe5 36. Rh3 Rf4+ 37. Ke3 Rf6 38. Ke2 Rg6 39. Rd3 Ke7 40. Kf3 e4+ 41. Kxe4 Rxg4+ 42. Kf5 Rg5+ 43. Kf4 Rg6 44. Re3+ Re6 45. Rg3 Rf6+ 46. Ke5 Re6+ 47. Kd4 Kf7 48. Rf3+ Rf6 49. Re3 h5 50. Rd3 h4 51. Ke5 Ke7 52. Rh3 Rh6 53. Kf5 Kf7 54. Kg5 Rh8 55. Rxh4 Rxh4 56. Kxh4 Ke6 57. Kg4 Kd5 58. Kf5 a5 59. bxa5 Kxc5 60. Ke5 Kb5 1/2-1/2

[Event "CAN-ch O1800"]
[Site "Toronto CAN"]
[Date "2025.04.21"]
[Round "7.27"]
[White "Li, Aiden"]
[Black "Moran-Venegas, Mario"]
[Result "0-1"]
[WhiteElo "1743"]
[BlackElo "1729"]
[WhiteFideId "-1"]
[WhiteFideId "-1"]
[PlyCount "106"]
[GameId "2182532748055911"]
[EventDate "2025.04.18"]
[EventType "swiss"]
[EventRounds "9"]
[EventCountry "CAN"]

1. c4 e5 2. g3 c5 3. Bg2 Nc6 4. Nc3 Nf6 5. Nf3 h6 6. O-O d6 7. b3 Be7 8. Bb2 O-O 9. Rc1 Bf5 10. d3 Rb8 11. Qd2 Nd4 12. e3 Nxf3+ 13. Bxf3 Bh3 14. Rfd1 Qd7 15. d4 exd4 16. exd4 Qf5 17. Bh1 Ng4 18. Be4 Qh5 19. Qe2 Rfe8 20. Rc2 Bg5 21. Qf3 cxd4 22. Nb5 Rxe4 23. Qxe4 Nf6 24. Qd3 Bf5 25. Qxd4 Bxc2 26. Re1 Re8 27. Rf1 Qf3 28. Nc3 Be4 29. Nxe4 Qxe4 30. Qxa7 Nd7 31. Bc3 Ne5 32. Bxe5 dxe5 33. Rd1 Rd8 34. Rxd8+ Bxd8 35. Qb8 Qd4 36. Qxb7 Bb6 37. Qc8+ Bd8 38. Qc6 g6 39. b4 Kg7 40. Qb5 e4 41. a4 e3 42. fxe3 Qxe3+ 43. Kg2 Qe4+ 44. Kg1 Bg5 45. h4 Be3+ 46. Kh2 Qc2+ 47. Kh3 Qf2 48. c5 Qf3 49. Kh2 Bf2 50. Qb8 Qe2 51. Qb5 Qe1 52. Qb8 h5 53. Qf4 Qg1+ 0-1

[Event "CAN-ch O1800"]
[Site "Toronto CAN"]
[Date "2025.04.21"]
[Round "7.28"]
[White "Kolndreu, Albion"]
[Black "Wang, William"]
[Result "1-0"]
[WhiteElo "1733"]
[BlackElo "1713"]
[WhiteFideId "-1"]
[WhiteFideId "-1"]
[PlyCount "91"]
[GameId "2182535398794610"]
[EventDate "2025.04.18"]
[EventType "swiss"]
[EventRounds "9"]
[EventCountry "CAN"]

1. e4 e5 2. f4 Nc6 3. Nf3 d6 4. Bc4 Bg4 5. c3 Nf6 6. d3 a6 7. O-O Be7 8. Qb3 Na5 9. Bxf7+ Kf8 10. Qa4 c6 11. Ng5 h6 12. Ne6+ Bxe6 13. Bxe6 b5 14. Qc2 Nb7 15. fxe5 dxe5 16. Be3 Bc5 17. Qf2 Qd6 18. Bb3 Bxe3 19. Qxe3 Rd8 20. Na3 Ke7 21. Rad1 c5 22. h3 Rhf8 23. Nc2 Nh5 24. d4 exd4 25. cxd4 c4 26. e5 Qg6 27. Bxc4 Rxf1+ 28. Bxf1 Qxc2 29. Qf3 Ng3 30. Qxb7+ Rd7 31. Qf3 Nxf1 32. Rxf1 Kd8 33. e6 Rxd4 34. Qf8+ Kc7 35. Qxg7+ Kc6 36. Qxd4 Qe2 37. Rc1+ Kb7 38. Qd7+ Kb6 39. Qd8+ Kb7 40. Rc7+ Kb6 41. Rc2+ Kb7 42. Rxe2 h5 43. e7 h4 44. Re6 b4 45. Rb6+ Ka7 46. Qb8# 1-0

[Event "CAN-ch O1800"]
[Site "Toronto CAN"]
[Date "2025.04.21"]
[Round "7.29"]
[White "Kong, Brian"]
[Black "Li, Allen"]
[Result "1/2-1/2"]
[WhiteElo "1794"]
[BlackElo "1830"]
[WhiteFideId "-1"]
[WhiteFideId "-1"]
[PlyCount "59"]
[GameId "2182586546120058"]
[EventDate "2025.04.18"]
[EventType "swiss"]
[EventRounds "9"]
[EventCountry "CAN"]

1. e4 c6 2. Nf3 d5 3. Nc3 dxe4 4. Nxe4 Nf6 5. Qe2 Bf5 6. d3 e6 7. Bd2 Nbd7 8. g3 Be7 9. Bg2 h6 10. a3 Bxe4 11. dxe4 e5 12. Bc3 Qc7 13. h3 O-O-O 14. O-O-O Nh7 15. h4 Bf6 16. Bh3 Kb8 17. Bxd7 Rxd7 18. Rxd7 Qxd7 19. Rd1 Qc7 20. Qd3 Kc8 21. Qd6 Qxd6 22. Rxd6 Re8 23. Rd1 Nf8 24. Nh2 Rd8 25. Rxd8+ Kxd8 26. Ng4 Nd7 27. Nxf6 gxf6 28. h5 Nc5 29. Bd2 Nxe4 30. Bxh6 1/2-1/2

[Event "CAN-ch O1800"]
[Site "Toronto CAN"]
[Date "2025.04.21"]
[Round "7.30"]
[White "Aravinthan, Adhvik"]
[Black "Wall, Keenan"]
[Result "1-0"]
[WhiteElo "1775"]
[BlackElo "1797"]
[WhiteFideId "-1"]
[WhiteFideId "-1"]
[PlyCount "99"]
[GameId "2182588378379650"]
[EventDate "2025.04.18"]
[EventType "swiss"]
[EventRounds "9"]
[EventCountry "CAN"]

1. e4 c6 2. d4 d5 3. exd5 cxd5 4. Nf3 Nc6 5. Nc3 Nf6 6. Bb5 Bg4 7. h3 Bxf3 8. Qxf3 e6 9. Bf4 Bd6 10. O-O O-O 11. Rfd1 Nxd4 12. Rxd4 e5 13. Rdd1 exf4 14. Nxd5 Nxd5 15. Rxd5 Qb6 16. Rad1 Rad8 17. Bc4 Qc7 18. Qe4 Rfe8 19. Rxd6 Rc8 20. Qxf4 Qxc4 21. Qxc4 Rxc4 22. c3 h6 23. Rd7 Ra4 24. Rxb7 Rxa2 25. Rdd7 Rf8 26. Rxa7 Rxb2 27. c4 Rc2 28. Rac7 Rc1+ 29. Kh2 Rc2 30. Kg3 Rc3+ 31. f3 g5 32. c5 Kg7 33. c6 h5 34. Rd5 Kg6 35. h4 gxh4+ 36. Kxh4 Rc4+ 37. g4 hxg4 38. fxg4 Rh8+ 39. Kg3 Rc3+ 40. Kf4 f6 41. Rdd7 Rc4+ 42. Kf3 Rc3+ 43. Ke4 Rc4+ 44. Kd5 Rxg4 45. Rg7+ Kf5 46. Rxg4 Kxg4 47. Rg7+ Kh5 48. c7 Rc8 49. Kd6 Kh6 50. Rg1 1-0

[Event "CAN-ch Universities"]
[Site "Montreal CAN"]
[Date "2025.01.24"]
[Round "1.12"]
[White "Lane, Ryan"]
[Black "Noritsyn, Sergey"]
[Result "0-1"]
[WhiteElo "2041"]
[BlackElo "2456"]
[WhiteFideId "-1"]
[WhiteFideId "-1"]
[PlyCount "86"]
[GameId "2144521137787032"]
[EventDate "2025.01.24"]
[EventType "team"]
[EventRounds "5"]
[EventCountry "CAN"]
[WhiteTeam "Carleton A"]
[BlackTeam "U Toronto A"]

1. e4 c5 2. Nf3 e6 3. d4 cxd4 4. Nxd4 Nc6 5. Nc3 Nf6 6. Ndb5 Bb4 7. a3 Bxc3+ 8. Nxc3 d5 9. exd5 exd5 10. Bd3 O-O 11. O-O d4 12. Ne2 Bg4 13. f3 Bh5 14. b4 Qb6 15. Kh1 Rad8 16. Bb2 Kh8 17. Qd2 Rd6 18. Rfe1 Bg6 19. Nf4 Bxd3 20. Qxd3 Nd7 21. Rad1 Nde5 22. Qb3 Rfd8 23. Nd3 f6 24. Nc5 h6 25. Ne4 Rd5 26. c4 Na5 27. c5 Nxb3 28. cxb6 axb6 29. f4 Nc4 30. Rd3 Nxb2 31. Rxb3 Nc4 32. Rc1 b5 33. Rd3 b6 34. Kg1 R5d7 35. Nd2 Nb2 36. Rb3 Na4 37. Rd3 Nc3 38. Re1 f5 39. Nf3 Kg8 40. g3 Na4 41. Re2 Rd5 42. Red2 Nc3 43. Rxd4 Rxd4 0-1

[Event "CAN-ch Universities"]
[Site "Montreal CAN"]
[Date "2025.01.24"]
[Round "1.13"]
[White "Mao, Fengxi"]
[Black "Graham, Douglas"]
[Result "1-0"]
[WhiteElo "2359"]
[BlackElo "1933"]
[WhiteFideId "-1"]
[WhiteFideId "-1"]
[PlyCount "53"]
[GameId "2144521137787033"]
[EventDate "2025.01.24"]
[EventType "team"]
[EventRounds "5"]
[EventCountry "CAN"]
[WhiteTeam "U Toronto A"]
[BlackTeam "Carleton A"]

1. Nf3 Nf6 2. b3 d5 3. Bb2 e6 4. c4 Be7 5. g3 O-O 6. Bg2 Nbd7 7. O-O c6 8. d4 Re8 9. Qc2 Nf8 10. Nbd2 Bd7 11. e4 Nxe4 12. Nxe4 dxe4 13. Qxe4 Bf6 14. Ne5 Ng6 15. f4 Rb8 16. h4 Ne7 17. h5 h6 18. g4 b5 19. Ba3 Bxe5 20. fxe5 b4 21. Bc1 Rf8 22. Rf2 c5 23. d5 exd5 24. cxd5 Qc8 25. g5 Bf5 26. Qh4 Rb6 27. gxh6 1-0

[Event "CAN-ch Universities"]
[Site "Montreal CAN"]
[Date "2025.01.24"]
[Round "1.14"]
[White "Rayos, Cris Angelo"]
[Black "Zhang, Samuel"]
[Result "1-0"]
[WhiteElo "1954"]
[BlackElo "2322"]
[WhiteFideId "-1"]
[WhiteFideId "-1"]
[PlyCount "121"]
[GameId "2144521137787034"]
[EventDate "2025.01.24"]
[EventType "team"]
[EventRounds "5"]
[EventCountry "CAN"]
[WhiteTeam "Carleton A"]
[BlackTeam "U Toronto A"]

1. Nf3 Nf6 2. g3 e6 3. Bg2 Be7 4. d3 d5 5. O-O O-O 6. Nbd2 b6 7. e4 Bb7 8. Qe2 c5 9. e5 Nfd7 10. Re1 Nc6 11. c3 a5 12. a4 Ba6 13. h4 Qc7 14. Nf1 b5 15. N1h2 bxa4 16. h5 Rab8 17. Ng4 d4 18. c4 Rb3 19. h6 g6 20. Nd2 Rb4 21. Bxc6 Qxc6 22. Ne4 Bb7 23. f3 Qc7 24. Bg5 Bxg5 25. Nxg5 Rb8 26. Qd2 Bc6 27. Qf4 f5 28. exf6 Qxf4 29. gxf4 Nf8 30. f7+ Kh8 31. Nxe6 R4b7 32. Nxf8 Rxf8 33. Ne5 Bd7 34. Re2 Be6 35. Rxa4 Bxf7 36. Rxa5 Be6 37. Kf2 Rc7 38. Nxg6+ hxg6 39. Rxe6 Kh7 40. Kg3 Rcf7 41. Re4 Rf5 42. Ra6 Kxh6 43. Ree6 Rg8 44. Re5 Rxe5 45. fxe5 Rb8 46. f4 Kg7 47. Kf3 Rxb2 48. Rc6 Rd2 49. Rc7+ Kf8 50. Rxc5 Rxd3+ 51. Ke4 Rd1 52. Rd5 Re1+ 53. Kxd4 Ke7 54. Rd6 Rd1+ 55. Kc5 Rg1 56. Kc6 Rg4 57. c5 g5 58. f5 Re4 59. f6+ Kf7 60. Kd5 Re1 61. Rd7+ 1-0